Countries that Border countries that border the Mediterranean - Statistics

General Stats
  • This quiz has been taken 19 times
  • The average score is 26 of 29
Answers on the Map
Answers color-coded by a green-red scale on the quiz's map according to % correct below.
 
Answer Stats
Answer % Correct
Austria
100%
Bulgaria
100%
Chad
100%
Georgia
100%
Hungary
100%
Iran
100%
Iraq
100%
Jordan
100%
Mali
100%
Mauritania
100%
Niger
100%
Serbia
100%
Sudan
100%
Switzerland
100%
Armenia
94%
Belgium
94%
Luxembourg
94%
North Macedonia
94%
Andorra
88%
San Marino
88%
Vatican City
88%
Azerbaijan
82%
Germany
82%
Kosovo
82%
Brazil
76%
Portugal
76%
Suriname
76%
Ireland
47%
Netherlands
29%
No matching quizzes found
Score Distribution
Percent of People with Each Score
Percentile by Number Answered
Your Score History
You have not taken this quiz